Movies Quiz

Random Movies or Baseball Quiz

Indians Line-Up in 'Major League' Quiz Stats

 Plays Quiz Updated Oct 25, 2016

Score 0/10 Timer 03:00
0 Plays Today
Position Player % Correct
Center fieldWillie Hayes
91.6%
Relief pitcherRicky Vaughn
88.2%
Third baseRoger Dorn
77%
Right fieldPedro Cerrano
67.2%
CatcherJake Taylor
57.1%
Starting pitcherEddie Harris
37.1%
Left fieldTomlinson
5.7%
First base*Metcalf (or Ward)
2.6%
Shortstop*Reyna (or Molina)
2.3%
Second baseLarson
2.3%

You're not logged in!

Compare scores with friends on all Sporcle quizzes.
OR
Log In

Sporcle TV

Today on Sporcle TV


Watch our educational content, quiz creation guides, and fun videos on Sporcle TV.

Show Comments

Extras

Top Quizzes Today


Score Distribution

Your Account Isn't Verified!

In order to create a playlist on Sporcle, you need to verify the email address you used during registration. Go to your Sporcle Settings to finish the process.

Report this User

Report this user for behavior that violates our Community Guidelines.

Details: